|
|
|
|
| LEADER |
02398nam a2200589 a 4500 |
| 001 |
000021986 |
| 003 |
CZ BrMZK |
| 005 |
20180827112812.0 |
| 007 |
ta |
| 008 |
950313s1995 xr f cze d |
| 015 |
|
|
|a cnb000113480
|
| 020 |
|
|
|a 80-85639-45-9
|q (váz.)
|
| 035 |
|
|
|a (OCoLC)34153585
|
| 040 |
|
|
|a ABA001
|b cze
|d BOA001
|
| 043 |
|
|
|a e-xr---
|
| 045 |
|
|
|a x1x9
|
| 072 |
|
7 |
|a 82-9
|x Literární kritika, věcná literatura a různé další žánry
|2 Konspekt
|9 11
|
| 080 |
|
|
|a 821(100)
|2 MRF
|
| 080 |
|
|
|a 821.162.3
|2 MRF
|
| 080 |
|
|
|a 82-95
|2 MRF
|
| 080 |
|
|
|a (437.3)
|2 MRF
|
| 080 |
|
|
|a (048.8)
|2 MRF
|
| 100 |
1 |
|
|a Vohryzek, Josef,
|d 1926-1998
|7 jk01150307
|4 aut
|
| 245 |
1 |
0 |
|a Literární kritiky /
|c Josef Vohryzek ; [uspořádali Jan Lopatka a Michael Špirit ; závěrečnou studii napsala Eva Formánková]
|
| 250 |
|
|
|a 1. vyd.
|
| 260 |
|
|
|a Praha :
|b Torst,
|c 1995
|
| 300 |
|
|
|a 413 s. ;
|c 20 cm
|
| 500 |
|
|
|a Ediční pozn.
|
| 500 |
|
|
|a 1500 výt.
|
| 500 |
|
|
|a Předml. Zdeněk Urbánek ; graf. úprava Vladimír Nárožník
|
| 500 |
|
|
|a Vyd. v rámci projektu Literatura a autoři ČR
|
| 504 |
|
|
|a Jmenný rejstřík
|
| 504 |
|
|
|a Bibliogr.
|
| 648 |
|
7 |
|a od 1989
|7 ch462156
|2 czenas
|
| 648 |
|
7 |
|a 20. století
|7 ch460558
|2 czenas
|
| 650 |
0 |
7 |
|a světová literatura
|7 ph116360
|y 20. století
|2 czenas
|
| 650 |
0 |
7 |
|a česká literatura
|7 ph116858
|y 1890-
|2 czenas
|
| 650 |
0 |
7 |
|a literární kritika
|7 ph115157
|z Česko
|y 20. století
|2 czenas
|
| 655 |
|
7 |
|a studie
|7 fd133597
|2 czenas
|
| 700 |
1 |
|
|a Urbánek, Zdeněk,
|d 1917-2008
|7 jk01140872
|4 wfw
|
| 700 |
1 |
|
|a Formánková, Eva,
|d 1931-2019
|7 ola2003162685
|4 wfw
|
| 700 |
1 |
|
|a Lopatka, Jan,
|d 1940-1993
|7 jk01072390
|4 edt
|
| 700 |
1 |
|
|a Špirit, Michael,
|d 1965-
|7 jn20001103589
|4 edt
|
| 700 |
1 |
|
|a Nárožník, Vladimír,
|d 1939-2002
|7 jk01082710
|4 art
|
| 856 |
4 |
1 |
|u http://www.digitalniknihovna.cz/mzk/uuid/uuid:1715e050-b8c3-11e3-9d7d-005056827e51
|y Digitalizovaný dokument
|x NDK
|
| 910 |
|
|
|a BOA001
|b 1-1009.635
|b PK-0123.371
|
| 920 |
|
|
|a 000032230
|
| 990 |
|
|
|a BK
|
| 995 |
|
|
|a 01
|
| 996 |
7 |
|
|b 2610022112
|c 1-1009.635
|l MZK
|r Sklad / do 1 hodiny
|n 40
|p kup
|w 000021986
|u 000010
|a 1
|e BOA001
|j MZK50
|s A
|
| 996 |
6 |
|
|b 2610029785
|c 1-1009.635
|l MZK
|r Sklad / do 1 hodiny
|n 13
|p kup
|w 000021986
|u 000020
|a 1
|e BOA001
|j MZK50
|s P
|
| 996 |
7 |
|
|b 3119000820
|c PK-0123.371
|l MZK
|r Sklad / do 1 hodiny
|n 37
|p kup
|w 000021986
|u 000030
|a 1
|e BOA001
|j MZK50
|s A
|